Paroles - Minuit chrétien - Statistiques

Statistiques générales
  • Ce quiz a été pris 165 fois
  • Le résultat moyen est 94 sur 188
Statistiques - réponses
Mot % Correct
c'
96%
d'
96%
l'
96%
L'
96%
n'
96%
à
92%
A
92%
a
92%
de
90%
De
90%
est
90%
Minuit !
87%
le
85%
Le
85%
heure
83%
des
81%
la
80%
80%
La
80%
79%
79%
Noël !
76%
nous,
75%
Nous
75%
nous
75%
Dieu
74%
Et
73%
et
73%
ta
71%
Chrétiens,
68%
Pour
67%
pour
67%
délivrance
66%
délivrance,
66%
genoux,
65%
homme
65%
Peuple
65%
Peuple,
65%
solennelle
65%
Rédempteur !
64%
Rédempteur
64%
son
64%
jusqu'
62%
descendit
61%
qu'
61%
Voici
61%
originelle
59%
un
58%
monde
56%
nuit
54%
qui
53%
Qui
53%
tache
52%
effacer
51%
Il
51%
il
51%
père
51%
cette
50%
courroux:
50%
entier
50%
espérance
49%
sauveur
49%
tressaille
47%
attends
45%
lui
44%
donne
41%
arrêter
34%
enfant
33%
notre
32%
chante
30%
tous
30%
les
29%
une
28%
C'est
27%
naît
27%
naît,
27%
toute
26%
ciel
24%
meurt:
24%
terre
24%
amour
23%
dans
23%
que
23%
au
22%
debout !
22%
du
22%
souffre
21%
chantons
19%
Roi
19%
brisé
16%
dira
16%
jour
16%
reconnaissance ?
16%
entrave,
15%
était
15%
Y
14%
esclave
13%
fer,
13%
ouvert
13%
Rois
13%
étoile
12%
libre
12%
voit
12%
foi
11%
frère
11%
Comme
10%
crèche,
10%
enchaînait
9%
unit
8%
ceux
7%
humble
7%
lumière
7%
vos
7%
votre
7%
berceau
6%
guide
6%
ardente
5%
autrefois,
4%
devant
4%
Orient
4%
brillante
3%
chefs
3%
conduisit
3%
Courbez
3%
fronts
3%
grandeur,
2%
fiers
1%
orgueil
1%
prêche,
1%
Puissants
1%
Aucun quiz correspondant
Distribution des résultats
% des personnes avec chaque résultat
Percentile par nombre de réponses
Votre historique - résultats
Vous n’avez pas pris ce quiz